Professional secretary's encyclopedic dictionary. (Record no. 7224)
[ view plain ]
| 000 -LEADER | |
|---|---|
| fixed length control field | 00791cam a2200241 a 4500 |
| 001 - CONTROL NUMBER | |
| control field | 3961009 |
| 005 - DATE AND TIME OF LATEST TRANSACTION | |
| control field | 20250801151024.0 |
| 008 - FIXED-LENGTH DATA ELEMENTS--GENERAL INFORMATION | |
| fixed length control field | 940622s1995 njua d 001 0 eng |
| 020 ## - INTERNATIONAL STANDARD BOOK NUMBER | |
| International Standard Book Number | 0130304530 |
| 020 ## - INTERNATIONAL STANDARD BOOK NUMBER | |
| International Standard Book Number | 9780130304537 |
| 050 00 - LIBRARY OF CONGRESS CALL NUMBER | |
| Classification number | HF1001 |
| Item number | .P78 1995 |
| 082 00 - DEWEY DECIMAL CLASSIFICATION NUMBER | |
| Classification number | 651/.03 |
| Edition information | 20 |
| 245 00 - TITLE STATEMENT | |
| Title | Professional secretary's encyclopedic dictionary. |
| 250 ## - EDITION STATEMENT | |
| Edition statement | 5th ed. / |
| Remainder of edition statement | Mary A. De Vries. |
| 260 ## - PUBLICATION, DISTRIBUTION, ETC. | |
| Place of publication, distribution, etc. | Englewood Cliffs, N.J. : |
| Name of publisher, distributor, etc. | Prentice Hall, |
| Date of publication, distribution, etc. | c1995. |
| 300 ## - PHYSICAL DESCRIPTION | |
| Extent | xiv, 594 p. : |
| Other physical details | ill. ; |
| Dimensions | 24 cm. |
| 500 ## - GENERAL NOTE | |
| General note | "Previous editions of this book were published as Private secretary's encyclopedic dictionary"--T.p. verso. |
| 500 ## - GENERAL NOTE | |
| General note | Includes index. |
| 650 #0 - SUBJECT ADDED ENTRY--TOPICAL TERM | |
| Topical term or geographic name entry element | Business |
| Form subdivision | Dictionaries. |
| 700 1# - ADDED ENTRY--PERSONAL NAME | |
| Personal name | De Vries, Mary Ann. |
| 710 2# - ADDED ENTRY--CORPORATE NAME | |
| Corporate name or jurisdiction name as entry element | Prentice-Hall, Inc. |
| 942 ## - ADDED ENTRY ELEMENTS (KOHA) | |
| Source of classification or shelving scheme | Library of Congress Classification |
| Koha item type | Books |
| Suppress in OPAC | No |
| 999 ## - | |
| -- | 7224 |
| -- | 7224 |
| Withdrawn status | Lost status | Source of classification or shelving scheme | Damaged status | Not for loan | Collection | Home library | Current library | Shelving location | Date acquired | Total checkouts | Full call number | Barcode | Date last seen | Copy number | Price effective from | Koha item type |
|---|---|---|---|---|---|---|---|---|---|---|---|---|---|---|---|---|
| Library of Congress Classification | Reference | Undergraduate Library (Christ Temple) | Undergraduate Library (Christ Temple) | General stacks | 08/01/2025 | REF HF1001 PRO | ulct00004250 | 08/01/2025 | 1 | 08/01/2025 | Books |